[Event "DEN-chT 0607"]
[Site "Denmark"]
[Date "2007.01.28"]
[Round "6.5"]
[White "Brinck Claussen, Bjorn"]
[Black "Bekker Jensen, Simon"]
[Result "0-1"]
[WhiteElo "2320"]
[BlackElo "2372"]
[PlyCount "82"]
[EventDate "2006.11.04"]
[EventType "team"]
[EventRounds "9"]
[EventCountry "DEN"]
[Source "ChessBase"]
[SourceDate "2007.02.01"]
[WhiteTeam "Bronshoj"]
[BlackTeam "Helsinge"]
[WhiteTeamCountry "DEN"]
[BlackTeamCountry "DEN"]

1. e4 c5 2. Nf3 d6 3. d4 cxd4 4. Nxd4 Nf6 5. Nc3 a6 6. f4 g6 7. Nf3 Bg7 8. a4
O-O 9. Bd3 Nbd7 10. O-O b6 11. Qe1 Nc5 12. b4 Nxd3 13. cxd3 Bb7 14. f5 Rc8 15.
Ra3 a5 16. bxa5 bxa5 17. fxg6 fxg6 18. Rb3 Ba6 19. Nb5 Nd7 20. d4 Rc4 21. Qh4
Rxa4 22. Bh6 Rb4 23. Rxb4 axb4 24. Bxg7 Kxg7 25. Ra1 Rxf3 26. Rxa6 Rf6 27. Qe1
Qc8 28. Ra4 b3 29. Rb4 Qc2 30. Na3 Qd3 31. Nb1 Rf8 32. e5 dxe5 33. dxe5 Nc5 34.
Nd2 Rd8 35. Nf1 Rd4 36. e6 Rxb4 37. Qxb4 Qd5 38. Qc3+ Kg8 39. Ne3 Qxe6 40. Nc4
Na4 41. Qb4 b2 0-1

[Event "DEN-chT 0607"]
[Site "Denmark"]
[Date "2007.01.28"]
[Round "6.6"]
[White "Nilssen, John Arni"]
[Black "Carstensen, Jacob"]
[Result "1-0"]
[WhiteElo "2377"]
[BlackElo "2277"]
[PlyCount "89"]
[EventDate "2006.11.04"]
[EventType "team"]
[EventRounds "9"]
[EventCountry "DEN"]
[Source "ChessBase"]
[SourceDate "2007.02.01"]
[WhiteTeam "Helsinge"]
[BlackTeam "Bronshoj"]
[WhiteTeamCountry "DEN"]
[BlackTeamCountry "DEN"]

1. d4 d5 2. c4 dxc4 3. e3 e5 4. Bxc4 exd4 5. exd4 Bd6 6. Nf3 Nf6 7. Qe2+ Qe7 8.
Qxe7+ Bxe7 9. O-O O-O 10. Re1 Bd6 11. Bg5 Nbd7 12. Nc3 h6 13. Bh4 a6 14. a4 c6
15. Bb3 Rb8 16. Ne5 Bb4 17. Bg3 Ra8 18. Nd3 Ba5 19. Re7 Bd8 20. Re2 Re8 21.
Rxe8+ Nxe8 22. Re1 Ndf6 23. d5 cxd5 24. Nxd5 Be6 25. Nxf6+ Bxf6 26. Bxe6 fxe6
27. Rxe6 Rd8 28. Re3 Nd6 29. Bxd6 Rxd6 30. Kf1 Bd4 31. Re4 Bf6 32. Ke2 a5 33.
b3 b5 34. Kd2 b4 35. Rc4 Bc3+ 36. Ke3 Re6+ 37. Kf3 Rd6 38. Nc5 Bd4 39. Ne4 Rd5
40. Rc6 Be5 41. Rc5 Rxc5 42. Nxc5 Kf7 43. Ke4 Bc7 44. g3 Ke7 45. Kd5 1-0

[Event "DEN-chT 0607"]
[Site "Denmark"]
[Date "2007.01.28"]
[Round "6.7"]
[White "Palm, Nikolaj"]
[Black "Bekker Jensen, David"]
[Result "1/2-1/2"]
[WhiteElo "2268"]
[BlackElo "2276"]
[PlyCount "93"]
[EventDate "2006.11.04"]
[EventType "team"]
[EventRounds "9"]
[EventCountry "DEN"]
[Source "ChessBase"]
[SourceDate "2007.02.01"]
[WhiteTeam "Bronshoj"]
[BlackTeam "Helsinge"]
[WhiteTeamCountry "DEN"]
[BlackTeamCountry "DEN"]

1. d4 d5 2. Nf3 Nf6 3. c4 c6 4. Nc3 a6 5. cxd5 cxd5 6. Bf4 Nc6 7. Rc1 Bf5 8. e3
Rc8 9. Be2 e6 10. O-O Bd6 11. Bg3 O-O 12. Nh4 Bg6 13. Nxg6 hxg6 14. Na4 Bxg3
15. hxg3 Qe7 16. Nc5 Nb8 17. b4 b6 18. Nd3 Rc4 19. Qd2 Ne4 20. Qb2 Rfc8 21. Ne5
R4c7 22. Rxc7 Qxc7 23. Nd3 Nd6 24. Rc1 Nc4 25. Qb3 Qd7 26. a4 Kh7 27. b5 a5 28.
Ne1 Nd6 29. Rc2 Rc7 30. Bd3 Qc8 31. Nf3 Nd7 32. Kf1 Kg8 33. Ke2 Kf8 34. Nd2 g5
35. Rxc7 Qxc7 36. Qc2 Qxc2 37. Bxc2 f6 38. Bb3 Ke7 39. f3 Nf7 40. g4 Kd6 41.
Bc2 Nf8 42. Nf1 e5 43. Ng3 g6 44. Kd2 Nh6 45. Kc3 Ng8 46. Ne2 Ne7 47. g3
1/2-1/2

[Event "DEN-chT 0607"]
[Site "Denmark"]
[Date "2007.01.28"]
[Round "6.8"]
[White "Andersson, Bjorn"]
[Black "Aabling Thomsen, Jakob"]
[Result "1-0"]
[WhiteElo "2220"]
[BlackElo "2235"]
[PlyCount "59"]
[EventDate "2006.11.04"]
[EventType "team"]
[EventRounds "9"]
[EventCountry "DEN"]
[Source "ChessBase"]
[SourceDate "2007.02.01"]
[WhiteTeam "Helsinge"]
[BlackTeam "Bronshoj"]
[WhiteTeamCountry "DEN"]
[BlackTeamCountry "DEN"]

1. e4 g6 2. Nc3 Bg7 3. h4 h5 4. d4 d6 5. Be3 a6 6. a4 b6 7. Bc4 Nf6 8. Nf3 c5
9. Ng5 O-O 10. dxc5 Nbd7 11. cxd6 Ne5 12. dxe7 Qxe7 13. Nd5 Nxd5 14. Bxd5 Bb7
15. O-O Bxd5 16. Qxd5 Qc7 17. Bf4 Nf3+ 18. Nxf3 Qxf4 19. e5 Rac8 20. e6 Rxc2
21. Rfe1 Rc5 22. Qb3 b5 23. Ng5 bxa4 24. exf7+ Kh8 25. Qb6 Qf5 26. Re8 Rc8 27.
Rae1 Bh6 28. Rxc8 Qxc8 29. Qf6+ Bg7 30. Qxg6 1-0

[Event "DEN-chT 0607"]
[Site "Denmark"]
[Date "2007.01.28"]
[Round "6.1"]
[White "Lund, Silas"]
[Black "Mortensen, Erling"]
[Result "0-1"]
[WhiteElo "2329"]
[BlackElo "2477"]
[PlyCount "100"]
[EventDate "2006.11.04"]
[EventType "team"]
[EventRounds "9"]
[EventCountry "DEN"]
[Source "ChessBase"]
[SourceDate "2007.02.01"]
[WhiteTeam "K41"]
[BlackTeam "Helsingor"]
[WhiteTeamCountry "DEN"]
[BlackTeamCountry "DEN"]

1. d4 g6 2. c4 Bg7 3. e4 d6 4. Nc3 Nd7 5. Nf3 e5 6. Be2 Ngf6 7. O-O O-O 8. Qc2
c6 9. Rd1 exd4 10. Nxd4 Qe7 11. Bg5 Nc5 12. f3 Re8 13. Qd2 Nfxe4 14. Nxe4 Nxe4
15. fxe4 Bxd4+ 16. Qxd4 Qxg5 17. Rd3 Qe5 18. Bf3 Be6 19. Rad1 c5 20. Qxd6 Bxc4
21. Qxe5 Rxe5 22. Rd7 Bxa2 23. Rxb7 Be6 24. Rb5 a6 25. Ra5 Rb8 26. Rd2 Bc4 27.
Kf2 Rb4 28. Rc2 Bb5 29. Ra3 Kf8 30. Rac3 Ke7 31. Rd2 Bc6 32. Ra3 Bb7 33. Ra5 f6
34. h3 Rd4 35. Rc2 Kd6 36. Kg1 Kc6 37. Ra3 Kb6 38. Rb3+ Rb4 39. Rd3 Bxe4 40.
Bxe4 Rbxe4 41. Rd6+ Kb5 42. Rxf6 Re2 43. Rf2 Rxc2 44. Rxc2 Kb4 45. Kf2 Kb3 46.
Rd2 c4 47. g4 a5 48. h4 a4 49. g5 c3 50. bxc3 a3 0-1

[Event "DEN-chT 0607"]
[Site "Denmark"]
[Date "2007.01.28"]
[Round "6.2"]
[White "Nielsen, Nicholas Roland"]
[Black "Schmidt, Kristen"]
[Result "0-1"]
[WhiteElo "2158"]
[BlackElo "2322"]
[PlyCount "56"]
[EventDate "2006.11.04"]
[EventType "team"]
[EventRounds "9"]
[EventCountry "DEN"]
[Source "ChessBase"]
[SourceDate "2007.02.01"]
[WhiteTeam "Helsingor"]
[BlackTeam "K41"]
[WhiteTeamCountry "DEN"]
[BlackTeamCountry "DEN"]

1. e4 d6 2. d4 Nf6 3. Nc3 g6 4. Be3 a6 5. f3 b5 6. a3 Nbd7 7. g4 Nb6 8. h4 h5
9. g5 Nfd7 10. f4 Bg7 11. f5 c5 12. Nh3 gxf5 13. exf5 Bb7 14. Rg1 cxd4 15. Bxd4
Ne5 16. Be2 Rc8 17. Nf4 Rc4 18. f6 exf6 19. Nxh5 Rxh5 20. Bxh5 fxg5 21. Kf1
Qf6+ 22. Bf2 Rxh4 23. Qe2 Kf8 24. Re1 Nbc4 25. b3 Qf5 26. Bg4 Rxg4 27. bxc4
Rxg1+ 28. Kxg1 Nf3+ 0-1

[Event "DEN-chT 0607"]
[Site "Denmark"]
[Date "2007.01.28"]
[Round "6.3"]
[White "Greger, Roland Reinhard"]
[Black "Larsen, Ole Bogh"]
[Result "1/2-1/2"]
[WhiteElo "2332"]
[BlackElo "2226"]
[PlyCount "41"]
[EventDate "2006.11.04"]
[EventType "team"]
[EventRounds "9"]
[EventCountry "DEN"]
[Source "ChessBase"]
[SourceDate "2007.02.01"]
[WhiteTeam "K41"]
[BlackTeam "Helsingor"]
[WhiteTeamCountry "DEN"]
[BlackTeamCountry "DEN"]

1. e4 e6 2. d4 d5 3. Nc3 Bb4 4. e5 c5 5. a3 Bxc3+ 6. bxc3 Qc7 7. Qg4 f6 8. Nf3
c4 9. Be2 Nc6 10. Qg3 Qf7 11. h4 Nge7 12. h5 Bd7 13. h6 Rg8 14. hxg7 O-O-O 15.
exf6 Qxf6 16. Bh6 Nf5 17. Qf4 Qg6 18. O-O-O Nxh6 19. Qxh6 Rxg7 20. Qxg6 hxg6
21. Kd2 1/2-1/2

[Event "DEN-chT 0607"]
[Site "Denmark"]
[Date "2007.01.28"]
[Round "6.4"]
[White "Jorgensen, Michael"]
[Black "Larsen, Karsten"]
[Result "1-0"]
[WhiteElo "2201"]
[BlackElo "2294"]
[PlyCount "77"]
[EventDate "2006.11.04"]
[EventType "team"]
[EventRounds "9"]
[EventCountry "DEN"]
[Source "ChessBase"]
[SourceDate "2007.02.01"]
[WhiteTeam "Helsingor"]
[BlackTeam "K41"]
[WhiteTeamCountry "DEN"]
[BlackTeamCountry "DEN"]

1. d4 g6 2. c4 Bg7 3. e4 d6 4. Nc3 Nc6 5. Nge2 e5 6. Be3 Nh6 7. f3 f5 8. d5 Ne7
9. Qd2 Nf7 10. O-O-O b6 11. Kb1 O-O 12. Nc1 fxe4 13. fxe4 h5 14. Be2 Kh7 15.
Rdg1 Bh6 16. g4 Bxe3 17. Qxe3 hxg4 18. Bxg4 Nh6 19. Be6 Neg8 20. h4 Rf6 21.
Bxg8+ Qxg8 22. h5 Bd7 23. hxg6+ Rxg6 24. Rxh6+ Rxh6 25. Rxg8 Rxg8 26. a3 Rh2
27. Qf3 a6 28. Qf6 Rg7 29. a4 Bg4 30. a5 bxa5 31. c5 Rh6 32. Qf2 a4 33. Nxa4
Bh5 34. Qf1 Bg6 35. Nc3 dxc5 36. Ka2 Rf7 37. Qc4 Rh2 38. Nd3 Rf6 39. Qxc5 1-0

[Event "DEN-chT 0607"]
[Site "Denmark"]
[Date "2007.01.28"]
[Round "6.5"]
[White "Semcesen, Daniel"]
[Black "Vinther Juul, Kristian"]
[Result "1/2-1/2"]
[WhiteElo "2286"]
[BlackElo "2123"]
[PlyCount "102"]
[EventDate "2006.11.04"]
[EventType "team"]
[EventRounds "9"]
[EventCountry "DEN"]
[Source "ChessBase"]
[SourceDate "2007.02.01"]
[WhiteTeam "K41"]
[BlackTeam "Helsingor"]
[WhiteTeamCountry "DEN"]
[BlackTeamCountry "DEN"]

1. d4 d5 2. c4 e6 3. Nc3 Nf6 4. cxd5 exd5 5. Bg5 Be7 6. Qc2 O-O 7. e3 c6 8. Bd3
Nbd7 9. Nf3 Re8 10. O-O Nf8 11. h3 Be6 12. Ne5 N6d7 13. Bxe7 Qxe7 14. f4 f6 15.
Nf3 Bf7 16. Rae1 c5 17. Qf2 cxd4 18. exd4 Qd6 19. f5 Rxe1 20. Rxe1 Re8 21. g4
Rxe1+ 22. Nxe1 a6 23. Ng2 b5 24. Nf4 b4 25. Nd1 a5 26. b3 Qb6 27. Bf1 g5 28.
fxg6 hxg6 29. Bg2 Ne6 30. Ne2 Kg7 31. Ne3 Nc7 32. h4 Nb8 33. g5 f5 34. h5 Qe6
35. Nf4 Qe7 36. hxg6 Bxg6 37. Nxg6 Kxg6 38. Qxf5+ Kg7 39. Ng4 Nc6 40. g6 Nxd4
41. Qh5 Kg8 42. Ne5 Qg7 43. Nf7 Kf8 44. Qg4 Nde6 45. Qg3 Qd4+ 46. Kh2 Qf4 47.
Ne5 Kg7 48. Nc6 d4 49. Qxf4 Nxf4 50. Nxd4 Ncd5 51. Nc6 Nxg2 1/2-1/2

[Event "DEN-chT 0607"]
[Site "Denmark"]
[Date "2007.01.28"]
[Round "6.6"]
[White "Dalsberg, Sandra de Blecourt"]
[Black "Naes, Flovin Tor"]
[Result "0-1"]
[WhiteElo "2078"]
[BlackElo "2227"]
[PlyCount "42"]
[EventDate "2006.11.04"]
[EventType "team"]
[EventRounds "9"]
[EventCountry "DEN"]
[Source "ChessBase"]
[SourceDate "2007.02.01"]
[WhiteTeam "Helsingor"]
[BlackTeam "K41"]
[WhiteTeamCountry "DEN"]
[BlackTeamCountry "DEN"]

1. d4 d5 2. Bf4 Nf6 3. e3 e6 4. Bd3 c5 5. c3 Nc6 6. Nd2 Bd6 7. Bxd6 Qxd6 8. f4
Bd7 9. Ngf3 Ng4 10. Ne5 Nxe3 11. Qe2 cxd4 12. cxd4 Nc4 13. Bxc4 dxc4 14. Nexc4
Qxf4 15. Rf1 Qxh2 16. O-O-O O-O 17. Ne5 Nxe5 18. dxe5 Rac8+ 19. Kb1 Bc6 20. Rh1
Qxg2 21. Qh5 Qg6+ 0-1

[Event "DEN-chT 0607"]
[Site "Denmark"]
[Date "2007.01.28"]
[Round "6.7"]
[White "Bjertrup, Michael"]
[Black "Jensen, Ib"]
[Result "1/2-1/2"]
[WhiteElo "2188"]
[BlackElo "1982"]
[PlyCount "41"]
[EventDate "2006.11.04"]
[EventType "team"]
[EventRounds "9"]
[EventCountry "DEN"]
[Source "ChessBase"]
[SourceDate "2007.02.01"]
[WhiteTeam "K41"]
[BlackTeam "Helsingor"]
[WhiteTeamCountry "DEN"]
[BlackTeamCountry "DEN"]

1. Nf3 Nf6 2. c4 c6 3. b3 d5 4. Bb2 Bf5 5. g3 e6 6. Bg2 Bd6 7. d4 Nbd7 8. O-O
Qe7 9. Nc3 O-O 10. Nh4 Bg4 11. Qc2 Rac8 12. c5 Bb8 13. b4 e5 14. dxe5 Bxe5 15.
a3 Rfe8 16. e3 Qe6 17. Nf3 Bb8 18. Nd4 Qe7 19. Nf5 Qe6 20. Nd4 Qe7 21. Nf5
1/2-1/2

[Event "DEN-chT 0607"]
[Site "Denmark"]
[Date "2007.01.28"]
[Round "6.8"]
[White "Petersen, Age"]
[Black "Hornsgaard, Jens Boe"]
[Result "0-1"]
[WhiteElo "1953"]
[BlackElo "2076"]
[PlyCount "74"]
[EventDate "2006.11.04"]
[EventType "team"]
[EventRounds "9"]
[EventCountry "DEN"]
[Source "ChessBase"]
[SourceDate "2007.02.01"]
[WhiteTeam "Helsingor"]
[BlackTeam "K41"]
[WhiteTeamCountry "DEN"]
[BlackTeamCountry "DEN"]

1. d4 Nf6 2. Nf3 g6 3. Nc3 d5 4. Bf4 Bg7 5. e3 O-O 6. Be2 a6 7. Ne5 b6 8. h4
Bb7 9. h5 Nbd7 10. hxg6 hxg6 11. Bd3 Nxe5 12. Bxe5 Nd7 13. Qg4 Nxe5 14. Qh3
Nxd3+ 15. cxd3 Re8 16. Qh7+ Kf8 17. f4 c5 18. f5 Qd6 19. g4 cxd4 20. exd4 Bxd4
21. O-O-O Qf4+ 22. Kb1 Qxg4 23. Rh4 Qxf5 24. Rxd4 Qe5 25. Rf1 Qg7 26. Qh4 e5
27. Rg4 Rad8 28. Rf6 Kg8 29. Rxb6 Bc8 30. Rg3 e4 31. d4 Be6 32. Ne2 a5 33. Nf4
Qxd4 34. Rc6 Rc8 35. Rgc3 Rxc6 36. Rxc6 e3 37. Nxg6 Bf5+ 0-1

[Event "DEN-chT 0607"]
[Site "Denmark"]
[Date "2007.03.04"]
[Round "7.2"]
[White "Willumsen, Niels Henrik"]
[Black "Pedersen, Erik"]
[Result "0-1"]
[WhiteElo "2138"]
[BlackElo "2420"]
[PlyCount "96"]
[EventDate "2006.11.04"]
[EventType "team"]
[EventRounds "9"]
[EventCountry "DEN"]
[Source "ChessBase"]
[SourceDate "2007.02.01"]
[WhiteTeam "Norresundby"]
[BlackTeam "Aalborg"]
[WhiteTeamCountry "DEN"]
[BlackTeamCountry "DEN"]

1. e4 c5 2. Nf3 a6 3. c4 Nc6 4. d4 cxd4 5. Nxd4 e5 6. Nf5 d6 7. Nc3 g6 8. Ne3
Bg7 9. Ned5 Nge7 10. Bg5 h6 11. Be3 Nxd5 12. cxd5 Nd4 13. Bd3 O-O 14. Qd2 Kh7
15. O-O f5 16. exf5 Bxf5 17. Bxd4 Bxd3 18. Qxd3 exd4 19. Ne2 Qg5 20. Nxd4 Qxd5
21. Rfd1 Rac8 22. Qd2 Qxd4 23. Qxd4 Bxd4 24. Rxd4 Rc2 25. f3 Re8 26. Rxd6 Ree2
27. Rd7+ Kg8 28. Rxb7 Rxg2+ 29. Kf1 Rxh2 30. Kg1 Rcg2+ 31. Kf1 Rxb2 32. Rxb2
Rxb2 33. a4 Rb4 34. Kf2 a5 35. Kg3 g5 36. Rc1 Rxa4 37. Rc7 Rf4 38. Ra7 a4 39.
Kg2 Kf8 40. Kg3 Rh4 41. Rh7 Ke8 42. Kf2 Kd8 43. Ke3 Kc8 44. Kd3 Kb8 45. Kc2
Rc4+ 46. Kb2 Rc6 47. Ka3 Ra6 48. Rg7 Kc8 0-1

[Event "DEN-chT 0607"]
[Site "Denmark"]
[Date "2007.03.04"]
[Round "7.3"]
[White "Jakobsen, Lars Veno"]
[Black "Jorgensen, Jorgen"]
[Result "1/2-1/2"]
[WhiteElo "2304"]
[BlackElo "2255"]
[PlyCount "140"]
[EventDate "2006.11.04"]
[EventType "team"]
[EventRounds "9"]
[EventCountry "DEN"]
[Source "ChessBase"]
[SourceDate "2007.02.01"]
[WhiteTeam "Aalborg"]
[BlackTeam "Norresundby"]
[WhiteTeamCountry "DEN"]
[BlackTeamCountry "DEN"]

1. d4 d5 2. c4 Nc6 3. cxd5 Qxd5 4. e3 e5 5. Nc3 Bb4 6. Bd2 Bxc3 7. bxc3 Qd6 8.
Bd3 Nf6 9. f3 O-O 10. Ne2 Re8 11. O-O e4 12. Bc2 Na5 13. Ng3 exf3 14. gxf3 Nc4
15. e4 Qa3 16. Bb3 Nxd2 17. Qxd2 Be6 18. Rab1 b6 19. Rf2 Kh8 20. Kh1 Bxb3 21.
axb3 g6 22. c4 Qe7 23. e5 Nd7 24. f4 f5 25. Qc3 a5 26. d5 Nc5 27. Qd4 Rf8 28.
Rf3 Qh4 29. Rd1 Rac8 30. e6+ Qf6 31. Qxf6+ Rxf6 32. Ne2 Rd8 33. Nd4 Nxe6 34.
dxe6 Rxe6 35. Nxe6 Rxd1+ 36. Kg2 Rd7 37. Re3 h6 38. Nf8 Rd2+ 39. Kg3 g5 40. Ne6
Kg8 41. fxg5 hxg5 42. Nxg5 a4 43. Re8+ Kg7 44. Nf3 Rc2 45. bxa4 Rxc4 46. Ra8
Rg4+ 47. Kf2 Kf6 48. a5 bxa5 49. Ra6+ Ke7 50. Rxa5 Rf4 51. Rd5 Ke6 52. Rd8 c5
53. Rd1 Rc4 54. Rd2 Rf4 55. h3 Rb4 56. Kg3 Rc4 57. Rd8 Ke7 58. Rd3 Ke6 59. Nd2
Rc2 60. Kf4 c4 61. Re3+ Kf6 62. Nb1 Rf2+ 63. Rf3 Rxf3+ 64. Kxf3 Kg5 65. Nc3 Kh4
66. Kg2 f4 67. Nd1 f3+ 68. Kh2 c3 69. Nxc3 f2 70. Kg2 f1=Q+ 1/2-1/2

[Event "DEN-chT 0607"]
[Site "Denmark"]
[Date "2007.03.04"]
[Round "7.5"]
[White "Hellegaard, Carsten"]
[Black "Nielsen, John Bauneborg"]
[Result "1/2-1/2"]
[WhiteElo "2230"]
[BlackElo "2187"]
[PlyCount "27"]
[EventDate "2006.11.04"]
[EventType "team"]
[EventRounds "9"]
[EventCountry "DEN"]
[Source "ChessBase"]
[SourceDate "2007.02.01"]
[WhiteTeam "Aalborg"]
[BlackTeam "Norresundby"]
[WhiteTeamCountry "DEN"]
[BlackTeamCountry "DEN"]

1. d4 d6 2. Nf3 f5 3. c4 Nf6 4. g3 g6 5. Bg2 Bg7 6. O-O O-O 7. Nc3 Nc6 8. d5
Na5 9. Nd2 c5 10. Qc2 a6 11. b3 Rb8 12. Bb2 b5 13. cxb5 axb5 14. e4 1/2-1/2

[Event "DEN-chT 0607"]
[Site "Denmark"]
[Date "2007.03.04"]
[Round "7.6"]
[White "Sorensen, Bent"]
[Black "Nielsen, Steffen"]
[Result "1-0"]
[WhiteElo "2220"]
[BlackElo "2218"]
[PlyCount "55"]
[EventDate "2006.11.04"]
[EventType "team"]
[EventRounds "9"]
[EventCountry "DEN"]
[Source "ChessBase"]
[SourceDate "2007.02.01"]
[WhiteTeam "Norresundby"]
[BlackTeam "Aalborg"]
[WhiteTeamCountry "DEN"]
[BlackTeamCountry "DEN"]

1. Nf3 Nf6 2. g3 g6 3. Bg2 Bg7 4. O-O d6 5. b3 e5 6. Bb2 O-O 7. d4 Nbd7 8. e3
Re8 9. c4 e4 10. Nfd2 Nf8 11. Nc3 Bf5 12. h3 h5 13. f3 exf3 14. Qxf3 Qd7 15.
Kh2 h4 16. e4 Bh6 17. exf5 Re3 18. Qxb7 hxg3+ 19. Kh1 Rae8 20. Nde4 Nxe4 21.
Bxe4 gxf5 22. Bxf5 Qd8 23. Qg2 Qh4 24. Rf3 Rxf3 25. Qxf3 Ng6 26. Ne4 Bg7 27.
Rg1 Ne7 28. Nxg3 1-0

[Event "DEN-chT 0607"]
[Site "Denmark"]
[Date "2007.03.04"]
[Round "7.7"]
[White "Nielsen, Jorgen G"]
[Black "Christiansen, Jens Jorgen"]
[Result "1/2-1/2"]
[WhiteElo "2186"]
[BlackElo "2097"]
[PlyCount "53"]
[EventDate "2006.11.04"]
[EventType "team"]
[EventRounds "9"]
[EventCountry "DEN"]
[Source "ChessBase"]
[SourceDate "2007.02.01"]
[WhiteTeam "Aalborg"]
[BlackTeam "Norresundby"]
[WhiteTeamCountry "DEN"]
[BlackTeamCountry "DEN"]

1. d4 d5 2. c4 c6 3. Nf3 Nf6 4. e3 Bf5 5. Nc3 e6 6. Nh4 Bg6 7. Nxg6 hxg6 8. Qb3
Qb6 9. Qxb6 axb6 10. Bd2 Nbd7 11. h3 Bd6 12. O-O-O O-O 13. Kb1 Rfd8 14. g4 dxc4
15. Bxc4 b5 16. Bd3 e5 17. g5 exd4 18. Nxb5 Ne5 19. Bf1 Ne4 20. Nxd6 Rxd6 21.
Bb4 c5 22. Bg2 Nxf2 23. Bxc5 Rd7 24. Rxd4 Nxh1 25. Bxh1 Rc8 26. b4 b5 27. Bg2
1/2-1/2

[Event "DEN-chT 0607"]
[Site "Denmark"]
[Date "2007.03.04"]
[Round "7.8"]
[White "Kaysfeld, Henrik"]
[Black "Christensen, Jens Johan"]
[Result "1-0"]
[WhiteElo "2141"]
[BlackElo "2102"]
[PlyCount "101"]
[EventDate "2006.11.04"]
[EventType "team"]
[EventRounds "9"]
[EventCountry "DEN"]
[Source "ChessBase"]
[SourceDate "2007.02.01"]
[WhiteTeam "Norresundby"]
[BlackTeam "Aalborg"]
[WhiteTeamCountry "DEN"]
[BlackTeamCountry "DEN"]

1. e4 c5 2. Nf3 e6 3. d4 cxd4 4. Nxd4 a6 5. Nc3 Qc7 6. Be3 b5 7. Bd3 Bb7 8. a3
Nf6 9. O-O d6 10. f4 Nbd7 11. Qf3 Be7 12. Qg3 O-O 13. Rad1 Rac8 14. Nf3 Nc5 15.
Bd4 Nxd3 16. Rxd3 Rfd8 17. Kh1 Qb8 18. Ng5 h6 19. Nxf7 Kxf7 20. e5 Ne4 21. Qg4
Nxc3 22. f5 Bxg2+ 23. Qxg2 Qa8 24. Rdf3 dxe5 25. fxe6+ Kg8 26. Bxe5 Bg5 27.
Bxc3 Rf8 28. h4 Bf6 29. Bxf6 Rxf6 30. Rxf6 Qxg2+ 31. Kxg2 gxf6 32. c3 Kg7 33.
Kg3 Rc5 34. Kg4 Re5 35. Rd1 Rxe6 36. Rd7+ Kf8 37. Kf5 Re2 38. Kxf6 Ke8 39. Ra7
Rxb2 40. Rxa6 Rb3 41. h5 Rxc3 42. Kg6 Rb3 43. Kxh6 b4 44. axb4 Rxb4 45. Kg6 Rb1
46. h6 Rg1+ 47. Kf5 Kd7 48. h7 Rf1+ 49. Kg5 Rg1+ 50. Kf6 Rf1+ 51. Kg7 1-0

[Event "DEN-chT 0607"]
[Site "Denmark"]
[Date "2007.03.04"]
[Round "7.1"]
[White "Schandorff, Lars"]
[Black "Glud, Jakob Vang"]
[Result "1/2-1/2"]
[WhiteElo "2539"]
[BlackElo "2429"]
[PlyCount "101"]
[EventDate "2006.11.04"]
[EventType "team"]
[EventRounds "9"]
[EventCountry "DEN"]
[Source "ChessBase"]
[SourceDate "2007.02.01"]
[WhiteTeam "Helsinge"]
[BlackTeam "Jetsmark"]
[WhiteTeamCountry "DEN"]
[BlackTeamCountry "DEN"]

1. d4 d5 2. c4 e6 3. Nc3 Nf6 4. Nf3 Be7 5. Bf4 O-O 6. e3 c5 7. dxc5 Bxc5 8.
cxd5 Nxd5 9. Nxd5 exd5 10. a3 Nc6 11. Bd3 Bb6 12. O-O d4 13. Qc2 h6 14. e4 Bg4
15. Ne5 Nxe5 16. Bxe5 Rc8 17. Qd2 Ba5 18. Qf4 Qg5 19. Qxg5 hxg5 20. h3 Bh5 21.
Bd6 Rfe8 22. e5 f6 23. Rfc1 Bd2 24. Rxc8 Rxc8 25. e6 Rc6 26. Bb4 Bxb4 27. axb4
Kf8 28. Rxa7 Rb6 29. b5 Ke7 30. Ra4 Rd6 31. Ra7 Rb6 32. Ra4 Rd6 33. Rc4 Kxe6
34. Rc7 Rb6 35. b4 Be8 36. Rc5 g6 37. Kf1 Kd7 38. Ke2 Re6+ 39. Kd2 b6 40. Rc1
Kd6 41. Rc8 Re5 42. Rd8+ Kc7 43. Rxd4 Bxb5 44. f4 gxf4 45. Bxb5 Rxb5 46. Rxf4
Rg5 47. g4 f5 48. Ke3 Kc6 49. Kf3 fxg4+ 50. hxg4 Rb5 51. Rf6+ 1/2-1/2

[Event "DEN-chT 0607"]
[Site "Denmark"]
[Date "2007.03.04"]
[Round "7.2"]
[White "Rasmussen, Allan Stig"]
[Black "Berg, Emanuel"]
[Result "1/2-1/2"]
[WhiteElo "2398"]
[BlackElo "2556"]
[PlyCount "109"]
[EventDate "2006.11.04"]
[EventType "team"]
[EventRounds "9"]
[EventCountry "DEN"]
[Source "ChessBase"]
[SourceDate "2007.02.01"]
[WhiteTeam "Jetsmark"]
[BlackTeam "Helsinge"]
[WhiteTeamCountry "DEN"]
[BlackTeamCountry "DEN"]

1. e4 c5 2. d3 e6 3. f4 Nc6 4. c3 d5 5. Be2 Nf6 6. e5 Nd7 7. Nf3 Be7 8. Be3 d4
9. cxd4 cxd4 10. Nxd4 Ndxe5 11. fxe5 Nxd4 12. Qa4+ Nc6 13. Nc3 O-O 14. d4 Bh4+
15. g3 Bg5 16. Bf2 Bd7 17. Qb3 Na5 18. Qc2 Bc6 19. O-O Bd5 20. Bd3 g6 21. h4
Bh6 22. Nxd5 Qxd5 23. Be4 Qc4 24. Qxc4 Nxc4 25. b3 Nd2 26. Bxb7 Rab8 27. Ba6
Nxf1 28. Rxf1 Rfd8 29. Kg2 Rd7 30. Kf3 Bd2 31. Ke4 h5 32. Bc4 Rbd8 33. Rd1 Bb4
34. Be3 Rc7 35. Bg5 Rdc8 36. d5 exd5+ 37. Rxd5 Be7 38. Be3 Bc5 39. Bf4 Re7 40.
Bg5 Rec7 41. Bf4 Bb6 42. Kd3 Re8 43. Rd6 Kg7 44. Ke4 Rce7 45. Bb5 Bc7 46. Kd5
Rb8 47. a4 Ba5 48. Bg5 Rc7 49. Bf6+ Kf8 50. Rd8+ Rxd8+ 51. Bxd8 Bb6 52. Bxc7
Bxc7 53. Bd3 a5 54. Be2 Ke7 55. g4 1/2-1/2

[Event "DEN-chT 0607"]
[Site "Denmark"]
[Date "2007.03.04"]
[Round "7.3"]
[White "Hutters, Tomas"]
[Black "Fries Nielsen, Jens Ove"]
[Result "1/2-1/2"]
[WhiteElo "2426"]
[BlackElo "2405"]
[PlyCount "42"]
[EventDate "2006.11.04"]
[EventType "team"]
[EventRounds "9"]
[EventCountry "DEN"]
[Source "ChessBase"]
[SourceDate "2007.02.01"]
[WhiteTeam "Helsinge"]
[BlackTeam "Jetsmark"]
[WhiteTeamCountry "DEN"]
[BlackTeamCountry "DEN"]

1. d4 g6 2. e4 Bg7 3. Nf3 d6 4. Be2 Nf6 5. Nc3 O-O 6. O-O a6 7. a4 a5 8. h3 Nc6
9. Bf4 h6 10. Re1 e6 11. Bb5 Ne7 12. e5 Nfd5 13. Nxd5 Nxd5 14. Bd2 Bd7 15. Qe2
Nb6 16. b3 Bxb5 17. Qxb5 c6 18. Qe2 d5 19. Be3 Nd7 20. Nd2 f6 21. f4 fxe5
1/2-1/2

[Event "DEN-chT 0607"]
[Site "Denmark"]
[Date "2007.03.04"]
[Round "7.4"]
[White "Christensen, Stefan"]
[Black "Fries Nielsen, Niels Jorgen"]
[Result "1/2-1/2"]
[WhiteElo "2272"]
[BlackElo "2406"]
[PlyCount "47"]
[EventDate "2006.11.04"]
[EventType "team"]
[EventRounds "9"]
[EventCountry "DEN"]
[Source "ChessBase"]
[SourceDate "2007.02.01"]
[WhiteTeam "Jetsmark"]
[BlackTeam "Helsinge"]
[WhiteTeamCountry "DEN"]
[BlackTeamCountry "DEN"]

1. e4 e6 2. d4 b6 3. Nc3 Bb4 4. Nf3 Ne7 5. Bd3 Ba6 6. O-O Bxc3 7. bxc3 Bxd3 8.
Qxd3 d6 9. Nd2 O-O 10. f4 f5 11. exf5 exf5 12. d5 Nd7 13. c4 Nc5 14. Qd4 Ng6
15. Bb2 Qf6 16. Qxf6 gxf6 17. Rae1 Rae8 18. g3 Kf7 19. Kf2 h5 20. Rxe8 Rxe8 21.
Re1 Rc8 22. Ba3 Nb7 23. Bb2 Nc5 24. Ba3 1/2-1/2